Podział administracyjny Islandi - Statystyki

Ogólne statystyki
  • Ten quiz został rozwiązany 20 razy
  • Średni wynik to 2 z 8
Statystyki odpowiedzi
Nazwa jednostki administracyjnej Nazwa % Poprawnych
Region Suournes
60%
Region Vesturland
60%
Region Austurland
20%
Region Suourland
20%
Region Vestfiroir
20%
Region Höfuoborgarsvæoio
0%
Region Norourland eystra
0%
Region Norourland vestra
0%
Nie znaleziono quizów pasujących do podanych kryteriów
Rozkład punktacji
Procent ludzi z każdym wynikiem
Percentyl według liczby udzielonych odpowiedzi
Twoja historia wyników
Nie rozwiązałeś tego quizu